01531nam a2200313Ia 4500001000600000003000900006008004100015040001300056040001300069041001300082100001900095100002900114245006900143245005200212250001100264260001100275260001200286260004900298300005900347500044100406650003600847650003100883942000700914957000600921999001700927999000700944999000600951952026000957 203IT-RoPAU130308s9999 xx 000 0 und d aIT-RoPAU cIT-RoPAU aITALIANO aPerini Leandro gCodice Aut. SPICS: 2913 aEditori e potere in Italia da lla fine del secolo XV all'unità bStoria D'Italia-Annali 4-Intellettuali e Potere a1a ed. aTORINO bEinaudi c1981 [1° Ed.:1981 - Ed.Ling.Originale:1981] a"91 p. (prefazione: no ; testo: 91 [pagine: 763-853])" aGalassia Gutenberg e Storia Politica Dall'Umanesimo Repubblicano Alla Letteratura Cortigiana censura riforma Dalla Stamperia Ducale Alla Biblioteca di Cosimo Cultura e selezione di libri Stampatore Illuminato Negli Anni di Campanella Produzione Editoriale nell'Età della Controriforma Economia Politica e Illuminismo riformatore istruzione Economica Editoria Popolare Nuova Cultura e Patriottismo Emancipazione del Lavoro e Istruzione aOPERE varie DI CULTURA GENERALE eCodice materia Spics: 1002 cBK 71 c38407d38407 bSI g1 0010406203_00000000000000071aSPICSbSPICSd2013-03-08l0o 203r2013-03-08 00:00:00w2013-03-08yBKzProgressivo inserimento: 323 / N. Volumi: 0 [=Contributo] Copie: 1 Copia Rara: SI / data import: 1 marzo 2013 - By Epidotti, Trombetti, Vaglietti.